000 00361nam a2200145Ia 4500
008 191201s2008 xx 000 0 und d
082 _a510
_bGRH
100 _aGREWAL, B S
245 0 _aHigher Engineering Mathematics
250 _a39th
260 _aN.Delhi
_bKhanna Publisher
_c2008
300 _a1276
650 _aMathematica and Statistics
942 _2ddc
_cBK
999 _c845
_d845